Nuestra Ortografía

Bibliographic Details
Main Author: Matus Lazo, Róger
Format: Section = Libro
Language:Undetermined
Spanish
Published: Managua Ediciones y Distribuciones Universitarias 2005
Edition:4a.ed.
Subjects:
LEADER 00614nam a2200229Ia 4500
008 240829s9999 xx 000 0 und d
020 |a 99924-39-05-X 
040 |a BIBLIOTECA-RUSB/ 411 M445 
041 |a spa 
082 |a 411 M445 
100 1 |a Matus Lazo, Róger 
245 1 0 |a Nuestra Ortografía 
250 |a 4a.ed. 
260 |a Managua  |b Ediciones y Distribuciones Universitarias  |c 2005 
300 |a 209 p. :il. 
650 7 |a ORTOGRAFIA - ACENTO ORTOGRAFICO 
650 7 |b  ACENTO PROSODICO 
650 7 |c  ORTOGRAFIA LITERAL 
650 7 |d  ORTOGRAFIA PUNTUAL 
942 |c BK  |2 ddc 
991 |a TEXTO 
999 |c 1198